Normal view
MARC view
Entry Personal Name
001 - CONTROL NUMBER
- control field: 1111
003 - CONTROL NUMBER IDENTIFIER
- control field: BD-DhUIB
005 - DATE AND TIME OF LATEST TRANSACTION
- control field: 20260513174134.0
008 - FIXED-LENGTH DATA ELEMENTS
- fixed length control field: 260513|| aca||aabn | a|a d
040 ## - CATALOGING SOURCE
- Original cataloging agency: BD-DhUIB
- Transcribing agency: BD-DhUIB
100 ## - HEADING--PERSONAL NAME
- Personal name: Hoshi, Takeo and Kashyap , Anil K
670 ## - SOURCE DATA FOUND
- Source citation: Work cat.: (BD-DhUIB)697: Hoshi, Takeo and Kashyap , Anil K., Corporate financing and governance in Japan :, c2001
